000 00611nam a2200217Ia 4500
003 GCL
008 140319s9999 xx 000 0 ara d
040 _aGCL /
_cGCL
082 0 4 _a410
_bن م
100 1 _aنديم دعكور
245 1 0 _aالمفيد فى التعبير وتحليل النصوص /
_cنديم دعكور
300 _a288 ص
490 _a
650 0 4 _aالنحو
650 0 4 _aالبلاغة العربية
650 0 4 _aالبديع
650 0 4 _aالعروض والقوافى
650 0 4 _aاللغة العربية - قواعد
650 0 4 _aالعروض
942 _2ddc
_cBK
999 _c39135
_d39135